ध्येयवादी विचारसरणींचे युग (Record no. 1222613)

MARC details
000 -LEADER
fixed length control field 00809nam a2200193Ia 4500
008 - FIXED-LENGTH DATA ELEMENTS--GENERAL INFORMATION
fixed length control field 151121s9999||||xx |||||||||||||| ||und||
082 ## - DEWEY DECIMAL CLASSIFICATION NUMBER
Classification number 814/वळसं
082 ## - DEWEY DECIMAL CLASSIFICATION NUMBER
Item number HNW-24495
100 ## - MAIN ENTRY--PERSONAL NAME
Personal name वळसंगकर कृ। ना।-अनु।
245 ## - TITLE STATEMENT
Title ध्येयवादी विचारसरणींचे युग
260 ## - PUBLICATION, DISTRIBUTION, ETC. (IMPRINT)
Name of publisher, distributor, etc "मॅजेस्टिक बुक स्टॉल, मुंबई।"
260 ## - PUBLICATION, DISTRIBUTION, ETC. (IMPRINT)
Date of publication, distribution, etc --
300 ## - PHYSICAL DESCRIPTION
Extent 132
600 ## - SUBJECT ADDED ENTRY--PERSONAL NAME
Personal name वळसंगकर कृ। ना।-अनु।
630 ## - SUBJECT ADDED ENTRY--UNIFORM TITLE
Uniform title ध्येयवादी विचारसरणींचे युग
700 ## - ADDED ENTRY--PERSONAL NAME
Personal name वळसंगकर कृ। ना।-अनु।
730 ## - ADDED ENTRY--UNIFORM TITLE
Uniform title ध्येयवादी विचारसरणींचे युग
942 ## - ADDED ENTRY ELEMENTS (KOHA)
Koha item type Book
Holdings
Withdrawn status Lost status Damaged status Not for loan Home library Current library Date acquired Cost, normal purchase price Total Checkouts Full call number Barcode Date last seen Cost, replacement price Price effective from Koha item type
        Hirachand Nemchand Wachanalaya, Solapur Hirachand Nemchand Wachanalaya, Solapur 11/21/2015 5.00   HNW-24495 HNW-24495 11/21/2015 5.00 11/21/2015 Book